| 000 | 00614nam a2200217 i 4500 | ||
|---|---|---|---|
| 001 | 186882 | ||
| 003 | SpMaBN | ||
| 005 | 20251120063152.0 | ||
| 008 | 170224s2010 sp |||| | spa d | ||
| 020 | _a978-84-934014-3-6 | ||
| 080 | _a16 | ||
| 100 | 1 |
_aMéndez, José María, _d1929- _9160919 |
|
| 245 | 1 | 0 |
_aManual de lógica / _cJosé María Méndez. |
| 250 | _a1ª ed. | ||
| 260 |
_aBuitrago del Lozoya, Madrid : _bEstudios de Axiología, _c2010. |
||
| 300 |
_a48 p. ; _c24 cm. |
||
| 500 | _aÍndice. | ||
| 650 | 7 |
_aLógica. _914693 |
|
| 852 |
_aES-MaACL _j2335-F-23 |
||
| 999 |
_c186882 _d186882 |
||